Essentials of ecology

Αποθηκεύτηκε σε:
Λεπτομέρειες βιβλιογραφικής εγγραφής
Κύριος συγγραφέας: Townsend, Colin R.
Άλλοι συγγραφείς: Begon, Michael, Harper, John L.
Μορφή: Βιβλίο
Γλώσσα:English
Δημοσίευση: Malden, MA : Blackwell Pub., 2008
Έκδοση:3rd ed.
Θέματα:
Ετικέτες: Προσθήκη ετικέτας
Δεν υπάρχουν, Καταχωρήστε ετικέτα πρώτοι!

MARC

LEADER 00000nam a2200000 i 4500
001 1/102541
008 090312s2008 eng d
020 |a 978-1-4051-5658-5 (pbk.) 
035 |l 10103703 
040 |a GR-MY-UA  |b gre  |e aacr 
041 0 |a eng 
082 0 |a 577  |2 (22) 
100 1 |a Townsend, Colin R. 
245 1 0 |a Essentials of ecology /  |c Colin R. Townsend, Michael Begon, John L. Harper 
250 |a 3rd ed. 
260 |a Malden, MA :   |b Blackwell Pub.,   |c 2008 
300 |a xii, 510 σ.;  |b έγχρ. εικ., χάρτες;  |c 25 εκ. 
504 |a Περιέχει βιβλιογραφικές παραπομπές και ευρετήριο 
650 0 0 |a Ecology. 
700 1 |a Begon, Michael. 
700 1 |a Harper, John L. 
852 |a INST  |b LESVOS  |e 20090312  |h 577 TOW  |p 005100044474  |q 005100044474  |t BK  |y 0 
901 |a BIBL1-2009-1 
909 |a Λ  |b 154099 
922 |a 1ΕΛΗ  |b 200809  |c ΕΠΕΑΕΚ2/ΤΠ  |d ΜΙΧΑΛΟΠΟΥΛΟΣ 
970 |a ΚΑΡΑ  |b ΓΙΑΣΕΜΗ  |z 2009/03/12